| 000 | 00615nam a2200229 a 4500 | ||
|---|---|---|---|
| 001 | BRCA_6103 | ||
| 005 | 20190320205332.0 | ||
| 008 | 220611s1832----fr-#######---#000-1#fre-# | ||
| 041 | _afre | ||
| 044 | _afr | ||
| 050 | 4 |
_aPQ2167 _b.M25 _c1832 |
|
| 100 | 1 |
_aBalzac, Honore de _d1799-1850 _915426 |
|
| 245 | 1 | 0 |
_aLa maison du chat-qui-pelote. Le bal de sceaux. La bourse. _cHonore de Balzac |
| 260 |
_aParĂs _bCalmann-Levy _c1832 |
||
| 300 |
_a226 p. _c18 cm. |
||
| 500 | _aI27 | ||
| 650 | 1 | 4 |
_aLiteratura francesa _915427 |
| 740 | 0 | _aLe bal de sceaux | |
| 740 | 0 | _aLa bourse | |
| 902 | _aGFM | ||
| 942 |
_2lcc _cB |
||
| 999 |
_c5790 _d5790 |
||